| 000 | 00431nam a2200181Ia 4500 | ||
|---|---|---|---|
| 001 | 1939 | ||
| 005 | 20260306143805.0 | ||
| 008 | 260306t1999||||xx |||||||||||||| ||spa|| | ||
| 041 | _aESP | ||
| 082 |
_a158.2 _bG96 |
||
| 100 |
_aGutiérrez Mercedes, Virgilio _eAUT |
||
| 245 | 0 | _aLa llave del éxito texto impreso | |
| 260 | _c1999 | ||
| 300 |
_a217 páginas : _c |
||
| 650 | _aGEN | ||
| 654 | _aCPS | ||
| 942 |
_cLIB _dJUS _fJUS _2ddc _n |
||
| 999 |
_c1939 _d1939 |
||